000 01360nam a22003617a 4500
003 CHAP
005 20220329140941.0
008 971013s1995 r 00010 d
010 _a60280
011 _a61252
035 _a65416
040 _cCHAP
082 _a338.083 M49c 1994
_bQro.
110 _aInstituto Nacional de Estadística, Geografía e Informática. México
_959304
245 _aCenso industrial (14o.), censo comercial (11o.) y censo de servicios (11o.) : Querétaro
260 _aAguascalientes, Ags. :
_bINEGI,
_c1995
300 _a175 p.
590 _aBATCH-UPD
_b10
_c20130110
_lUCH01
_h1334
590 _aBATCH-UPD
_b10
_c20130410
_lUCH01
_h0838
590 _aBATCH-UPD
_b10
_c20130914
_lUCH01
_h1013
590 _aCONVERSION
_b10
_c20130109
_lUCH01
_h1332
650 1 4 _aComercio
_xEstadísticas.
_925571
650 1 4 _aIndustria
_xEstadísticas.
_957704
650 1 4 _aQuerétaro
_xEstadísticas.
_993198
650 1 4 _aServicios públicos
_xEstadísticas.
_9105336
790 _aCenso comercial (11o.) 1994
790 _aCenso de servicios (11o.) 1994
790 _aCensos económicos 1994
901 _aBK
942 _cLIBRO
949 _a338.083 M49c 1994 Qro.
_bBC
_cINEGI
_d33724000212890
_eINEGI
_gI. c/e
_h90616
_i65416
_si
_t20.00
949 _a338.083 M49c 1994 Qro.
_bBC
_cINEGI
_d33724000843967
_eINEGI
_fc.2
_gDonaciØn
_h101077
_i65416
_sb
999 _c60280
_d60280